Learning Resource and Development

Work competencies of selected secretaries in Buhi, Camarines Sur / (Record no. 26564)

MARC details
000 -LEADER
fixed length control field 02764nam a2200301 i 4500
003 - CONTROL NUMBER IDENTIFIER
control field CSPC
005 - DATE AND TIME OF LATEST TRANSACTION
control field 20251028091357.0
007 - PHYSICAL DESCRIPTION FIXED FIELD--GENERAL INFORMATION
fixed length control field ta
008 - FIXED-LENGTH DATA ELEMENTS--GENERAL INFORMATION
fixed length control field 231117s2022 ph a m 000 0beng
090 ## - LOCALLY ASSIGNED LC-TYPE CALL NUMBER (OCLC); LOCAL CALL NUMBER (RLIN)
Classification number (OCLC) (R) ; Classification number, CALL (RLIN) (NR) UTH BSOA L114w
100 1# - MAIN ENTRY--PERSONAL NAME
Personal name Laborte, Maria Lenny
Dates associated with a name author.
245 10 - TITLE STATEMENT
Title Work competencies of selected secretaries in Buhi, Camarines Sur /
Statement of responsibility, etc. Maria Lenny Laborte, Aljan Jack C. Lavadia, and Emerson S. Maguikay.
260 ## - PUBLICATION, DISTRIBUTION, ETC.
Place of publication, distribution, etc. Buhi, Camarines Sur :
Name of publisher, distributor, etc. Camarines Sur Polytechnic Colleges,
Date of publication, distribution, etc. 2022.
300 ## - PHYSICAL DESCRIPTION
Extent 80 leaves.
336 ## - CONTENT TYPE
Source rdacontent
Content type term text
337 ## - MEDIA TYPE
Source rdamedia
Media type term unmediated
338 ## - CARRIER TYPE
Source rdacarrier
Carrier type term volume
502 ## - DISSERTATION NOTE
Dissertation note Undergraduate Thesis (BSOA)-Office Administration
Name of granting institution Camarines Sur Polytechnic Colleges, 2022.
520 3# - SUMMARY, ETC.
Summary, etc. This study aims to survey the status of work competencies of Barangay Secretaries in Buhi, Camarines Sur and to assess their 21st century skills level. It seeks to answer the following questions (1.) To determine the profile of the respondents in terms of (a.) Name (b.) Age (c.) Gender (d.) Educational Attainment (e.) Barangay Address (f.) Number of years in service as barangay secretary; (2.) What are the work competencies of the respondents in terms of (a.) Oral communication (b.) Written communication (c.) Records management (d.) Computer literacy and operations (e.) Human relations; (3.) What factors affecting the working competencies of the twenty Barangay Secretaries in Buhi, Camarines Sur; (4.) What problems are encountered by the Barangay Secretaries in Buhi; and (5.) What recommendations maybe formulated to enhance the work competencies of Selected Barangay Secretaries in Buhi.<br/>The conclusion drawn from the study are; (1.) The level of work competencies mostly were interpreted as not competent considering communication, written communication, records management, computer literacy and operations, and human relations. (2.) Considering the factors affecting the respondents in work competencies of all the competencies identified were never encountered. (3.) Considering the problems encountered by the respondents in their work competencies, all the competencies in terms of communication were occasionally encountered. (4.) There are recommendations proposed by the respondents as well as the researchers to enhance the work competencies of the selected barangay secretaries in Buhi, Camarines Sur.
700 1# - ADDED ENTRY--PERSONAL NAME
Personal name Lavadia, Aljan Jack C.,
Relator term author.
700 1# - ADDED ENTRY--PERSONAL NAME
Personal name Maguikay, Emerson S.,
Relator term author.
720 1# - ADDED ENTRY--UNCONTROLLED NAME
Name Neonel, Eireen S.,
Relator term adviser.
720 1# - ADDED ENTRY--UNCONTROLLED NAME
Name Infante, Leonisa O.,
Relator term panelist, chair.
720 1# - ADDED ENTRY--UNCONTROLLED NAME
Name Villar, Mariber M.,
Relator term panelist.
720 1# - ADDED ENTRY--UNCONTROLLED NAME
Name Secundo, Rey O.,
Relator term panelist.
942 ## - ADDED ENTRY ELEMENTS (KOHA)
Source of classification or shelving scheme Dewey Decimal Classification
Suppress in OPAC No
Koha item type Unpublished Materials
Classification part L114w
Call number prefix UTH
Call number suffix 2022
Holdings
Withdrawn status Lost status Source of classification or shelving scheme Damaged status Not for loan Home library Current library Shelving location Date acquired Total Checkouts Full call number Barcode Date last seen Copy number Price effective from Koha item type
    Dewey Decimal Classification   Not For Loan CAMPUS CSPC CAMPUS CSPC Undergraduate Thesis Section 11/17/2023   UTH BSOA L114w 2022 00019UM-BUH 11/17/2023 1-1 11/17/2023 Unpublished Materials